[Event "Santo Domingo Independencia op"]
[Site "Santo Domingo"]
[Date "2017.02.24"]
[Round "1"]
[White "Burgos G, Nicolas Emil"]
[Black "Franco Rodriguez, Andres Avelino"]
[Result "0-1"]
[WhiteElo "1603"]
[BlackElo "2032"]
[PlyCount "36"]
[EventDate "2017.02.24"]
[EventType "swiss"]
[EventRounds "7"]
[EventCountry "DOM"]
[SourceTitle "CBM 177 Extra"]
[Source "ChessBase"]
[SourceDate "2017.04.27"]
[SourceVersion "1"]
[SourceVersionDate "2017.04.27"]
[SourceQuality "1"]

1. b3 e5 2. Bb2 Nc6 3. e3 d5 4. Bb5 Bd6 5. Nf3 f6 6. c4 a6 7. cxd5 axb5 8. dxc6 bxc6 9. Qc2 Ne7 10. h3 0-0 11. 0-0 Qe8 12. Nc3 Qh5 13. Qe4 g5 14. Nh2 f5 15. Qf3 g4 16. hxg4 fxg4 17. Qe2 Rf6 18. f3 g3 0-1